Hunt: Showdown Weapon Variants Pistols - Statistics

General Stats
  • This quiz has been taken 111 times
  • The average score is 76 of 96
Answer Stats
Question Tile Select % Correct
Bornheim No. 3 Brawler No
99%
Bornheim No. 3 Chain No
99%
Bornheim No. 3 Uppercut No
99%
Bornheim No. 3 Claw No
97%
Bornheim No. 3 Spitfire No
97%
Bornheim No. 3 Carbine No
96%
Bornheim No. 3 Swift No
96%
Bornheim No. 3 Deadeye No
92%
Caldwell Conversion Pistol Extended No
90%
Caldwell Conversion Pistol Silencer No
90%
Caldwell Conversion Pistol Spitfire No
90%
Caldwell Conversion Pistol Chain Yes
89%
Caldwell Conversion Pistol Claw No
89%
Caldwell Pax Deadeye No
89%
Caldwell Conversion Pistol Match No
89%
Caldwell Pax Silencer No
89%
Caldwell Conversion Pistol Brawler No
88%
Caldwell Conversion Pistol Carbine No
88%
Caldwell Pax Carbine No
88%
Bornheim No. 3 Extended Yes
88%
Caldwell Pax Chain No
87%
Caldwell Pax Uppercut No
87%
Dolch 96 Brawler No
86%
Caldwell Pax Extended No
86%
Caldwell Pax Match No
86%
Caldwell Pax Spitfire No
86%
Dolch 96 Spitfire No
86%
Dolch 96 Swift No
86%
Dolch 96 Uppercut No
86%
Dolch 96 Chain No
85%
Dolch 96 Silencer No
85%
Caldwell Conversion Pistol Swift No
85%
Caldwell Pax Brawler No
84%
Nagant M1895 Chain No
84%
Caldwell Pax Claw Yes
84%
Nagant M1895 Claw No
84%
Caldwell Conversion Pistol Deadeye No
84%
Nagant M1895 Extended No
83%
Caldwell Pax Precision No
83%
Scottfield Model 3 Silencer No
83%
Nagant M1895 Spitfire No
83%
Caldwell Pax Swift No
83%
Nagant M1895 Swift No
83%
Nagant M1895 Uppercut No
83%
Dolch 96 Carbine No
82%
LeMat Mark II Chain No
82%
LeMat Mark II Claw No
82%
Scottfield Model 3 Claw No
82%
Scottfield Model 3 Deadeye No
82%
Scottfield Model 3 Extended No
82%
Nagant M1895 Match No
82%
LeMat Mark II Silencer No
82%
Scottfield Model 3 Uppercut No
82%
Nagant M1895 Officer Chain No
81%
Scottfield Model 3 Chain No
81%
Nagant M1895 Officer Claw No
81%
LeMat Mark II Spitfire No
81%
Nagant M1895 Officer Spitfire No
81%
LeMat Mark II Brawler No
80%
Dolch 96 Extended No
80%
LeMat Mark II Extended No
80%
Nagant M1895 Officer Extended No
80%
Dolch 96 Match No
80%
LeMat Mark II Precision No
80%
Nagant M1895 Officer Uppercut No
80%
Scottfield Model 3 Carbine No
79%
Nagant M1895 Officer Match No
79%
Scottfield Model 3 Match No
79%
Nagant M1895 Officer Silencer No
79%
LeMat Mark II Swift No
79%
Nagant M1895 Officer Swift No
79%
LeMat Mark II Match No
78%
Caldwell Conversion Pistol Precision No
76%
Caldwell Conversion Pistol Uppercut Yes
76%
Nagant M1895 Brawler No
74%
Bornheim No. 3 Precision No
74%
LeMat Mark II Carbine Yes
73%
Nagant M1895 Officer Precision No
73%
LeMat Mark II Deadeye No
72%
Nagant M1895 Carbine No
71%
Nagant M1895 Silencer Yes
71%
Nagant M1895 Officer Carbine Yes
69%
Scottfield Model 3 Spitfire Yes
69%
LeMat Mark II Uppercut No
66%
Bornheim No. 3 Match Yes
65%
Dolch 96 Precision Yes
64%
Scottfield Model 3 Swift Yes
62%
Nagant M1895 Officer Brawler Yes
60%
Nagant M1895 Precision Yes
59%
Scottfield Model 3 Brawler Yes
54%
Nagant M1895 Deadeye Yes
51%
Scottfield Model 3 Precision Yes
46%
Dolch 96 Claw No
41%
Dolch 96 Deadeye No
39%
Nagant M1895 Officer Deadeye Yes
38%
Bornheim No. 3 Silencer No
32%
No matching quizzes found
Score Distribution
Percent of People with Each Score
Percentile by Number Answered
Your Score History
You have not taken this quiz